000 00592nam a2200205 i 4500
001 129651
003 ES-MaACL
005 20250831081047.0
007 t|
008 070628s1949 fr ||||1| fre d
100 1 _aThils, Gustave.
_9109967
245 1 0 _aThéologie des réalités terrestres /
_cGustave Thils.
250 _a[10ª ed.].
260 _a[Louvain] :
_bDesclée de Brouwer,
_c[1949]
300 _a2 v. ;
_c25 cm.
500 _aEs el primer v.
610 2 7 _aIglesia Católica-
_xSociología
_2
_9154836
852 _aES-MaACL
_jD-7126-7
_bR.31643
999 _c129651
_d129651